00785nam a2200181 a 4500003000200000005001700002008004100019050002600060100004000086245013500126260009200261300004800353504004100401650003200442650005100474650004800525650003000573020250603085147.0021119s19uu xx 00 eng d aPGS GE 95b.D364 2000 aDel Rosario, Edraline Jacy Robin J. aReaction of grade 6 students of Southville International School on anti-littering champaign /cEdraline Jacy Robin J. Del Rosario. aLas Piñas City, Philippines : bSouthville International School and Colleges,c2000. a20 pages :bcolored illustrations ;c28 cm. aIncludes bibliographical references. aLitter (Trash)vPrevention. aEnvironmental campaignsvPublic participation. aStudentsvAttitudesvEnvironmental issues.  a Anti-littering programs.